000 00277nam a22001217a 4500
003 SGT
082 _a338.5
_bDWI
100 _aDWAIVEDI, D.N.
245 _aMICROECONOMICS THEORY AND APPLICATIONS
260 _aINDIA
_bVIKASH PUB.
_c2020
300 _a651
942 _2ddc
_cBK
_044
999 _c22228
_d22228